| 000 | 00542nam a2200193 i 4500 | ||
|---|---|---|---|
| 001 | bg | ||
| 100 | 1 | _aDRISCOLL, Frederick F. | |
| 245 | 0 |
_aPrzyrządy półprzewodnikowe i ich zastosowania / _cF.F. Driscoll, R.F. Coughlin. |
|
| 260 |
_aWarszawa, _c1978. |
||
| 650 | 9 |
_aPółprzewodniki _xurządzenia |
|
| 650 | 9 |
_aPółprzewodniki _xstosowanie |
|
| 655 | _aPodręczniki akademickie | ||
| 700 | 1 | _aCOUGHLIN, Robert F. | |
| 040 | _cBPK | ||
| 041 | _apol | ||
| 080 | _a621.382 | ||
| 942 | _cKS | ||
| 008 | s pl f |000 0 pol | ||
| 999 |
_c9793 _d9793 |
||
| 856 |
_uhttp://koha.tu.koszalin.pl/cgi-bin/koha/opac-detail.pl?biblionumber=9793 _yKatalog online BPK |
||